Mowan v Wandsworth LBC (Record no. 65912)

MARC details
000 -LEADER
fixed length control field 00876cam a2200181 4500
001 - CONTROL NUMBER
control field WB3704-20
008 - FIXED-LENGTH DATA ELEMENTS--GENERAL INFORMATION
fixed length control field 000000n2001 000 0 eng u
035 ## - SYSTEM CONTROL NUMBER
System control number (Sirsi) u110572
245 ## - TITLE STATEMENT
Title Mowan v Wandsworth LBC
260 ## - PUBLICATION, DISTRIBUTION, ETC.
Date of publication, distribution, etc. 2001
490 ## - SERIES STATEMENT
Series statement Estates Gazette Case Summaries
Volume/sequential designation [2001] EGCS 4 (20/01/01)
520 ## - SUMMARY, ETC.
Summary, etc. CA 21 December 2001. Looks at the issue of whether landlord (W) owed a duty of care in preventing nuisance caused by a tenant. Another tenant had complained to W of nuisance created by neighbour. W applied for claim to be struck out. Court considered whether W liable for nuisance or owed duty of care and whether it was appropriate to strike out claim. CC had struck out claim. Appeal dismissed.
590 ## - LOCAL NOTE (RLIN)
Local note WB
650 ## - SUBJECT ADDED ENTRY--TOPICAL TERM
Topical term or geographic name entry element NUISANCE
650 ## - SUBJECT ADDED ENTRY--TOPICAL TERM
Topical term or geographic name entry element MOWAN V WANDSWORTH LBC
690 ## - LOCAL SUBJECT ADDED ENTRY--TOPICAL TERM (OCLC, RLIN)
Topical term or geographic name as entry element LANDLORD AND TENANT-RESIDENTIAL TENANCIES-CASE LAW
942 ## - ADDED ENTRY ELEMENTS (KOHA)
Suppress in OPAC 0
Holdings
Withdrawn status Lost status Source of classification or shelving scheme Damaged status Not for loan Home library Current library Shelving location Date acquired Total Checkouts Full call number Barcode Date last seen Copy number Price effective from Koha item type
    Dewey Decimal Classification     London London News article 25/01/2001   WB3704-20 110572-1001 06/08/2019 1 06/08/2019 News article